| 000 | 00685nam a2200217Ia 4500 | ||
|---|---|---|---|
| 008 | 191130s2000##################000#0#eng## | ||
| 020 | _a9780743202046 | ||
| 022 | _a2001267394 | ||
| 040 |
_aACL _cACL |
||
| 082 | _a641.5973 ROM | ||
| 100 | _aRombauer, Irma von Starkloff | ||
| 245 |
_aJoy of cooking. all about chicken _cIrma S. Rombauer, Marion Rombauer Becker, Ethan Becker ; photography by Leigh Beisch |
||
| 260 |
_aNew York _bScribner _c2000 |
||
| 300 | _a128 p. : col. ill. ; 27 cm | ||
| 650 | _aCooking (Chicken) | ||
| 700 | _aBecker, Ethan | ||
| 700 | _aBecker, Marion Rombauer | ||
| 990 | _a7223287eac10000c67ccb0681d00e88d | ||
| 991 | _a312788 | ||
| 999 |
_c224331 _d224331 |
||